000 00337pam a2200157a 44500
008 230515b1980 xxu||||| |||| 00| 0 eng d
020 _aNULL
041 _aENGL
082 _a621.4 /WAL
100 _aWALKAR G.
245 _aSTERLING ENGINES
250 _aN.D.
260 _aNULL
_bCLARE
_c1980
300 _a535 PB
650 _aNULL
999 _c620100
_d620100